Graphs, algorithms and optimization (Record no. 4224)

MARC details
000 -LEADER
fixed length control field 00556nam a22002057a 4500
003 - CONTROL NUMBER IDENTIFIER
control field OSt
005 - DATE AND TIME OF LATEST TRANSACTION
control field 20220107122747.0
008 - FIXED-LENGTH DATA ELEMENTS--GENERAL INFORMATION
fixed length control field 140527b xxu||||| |||| 00| 0 eng d
020 ## - INTERNATIONAL STANDARD BOOK NUMBER
International Standard Book Number 9781584883968
040 ## - CATALOGING SOURCE
Transcribing agency IIITM-K
082 ## - DEWEY DECIMAL CLASSIFICATION NUMBER
Classification number 511.5 KOC/G
100 ## - MAIN ENTRY--PERSONAL NAME
Personal name Kocay, William
9 (RLIN) 5372
245 ## - TITLE STATEMENT
Title Graphs, algorithms and optimization
Statement of responsibility, etc. by William Kocay; Donald L Kreher
260 ## - PUBLICATION, DISTRIBUTION, ETC.
Place of publication, distribution, etc. Boca Raton,
Name of publisher, distributor, etc. CRC Press,
Date of publication, distribution, etc. 2012.
300 ## - PHYSICAL DESCRIPTION
Extent 483p.
650 ## - SUBJECT ADDED ENTRY--TOPICAL TERM
Topical term or geographic name entry element MATHEMATICS
9 (RLIN) 5373
650 ## - SUBJECT ADDED ENTRY--TOPICAL TERM
Topical term or geographic name entry element ALGORITHMS
9 (RLIN) 5374
700 ## - ADDED ENTRY--PERSONAL NAME
Personal name Kreher, Donald L
9 (RLIN) 5375
942 ## - ADDED ENTRY ELEMENTS (KOHA)
Source of classification or shelving scheme Dewey Decimal Classification
Koha item type Books
Holdings
Withdrawn status Lost status Source of classification or shelving scheme Damaged status Not for loan Home library Current library Shelving location Date acquired Cost, normal purchase price Total Checkouts Total Renewals Full call number Barcode Date last seen Date last checked out Price effective from Koha item type
    Dewey Decimal Classification     Kerala University of Digital Sciences, Innovation and Technology Knowledge Centre Kerala University of Digital Sciences, Innovation and Technology Knowledge Centre Mathematics 27/05/2014 413.00 3 1 511.5 KOC/G 3890 21/08/2023 01/02/2023 27/05/2014 Books